000 00421nam a2200145Ia 4500
008 180921t1952 xxu||||| ||||o00| 0 eng d
041 _aeng
245 _aCeylon Sessional Papers : Report of The Directors of The Widows'And orphans' Pension Fund And Scheme For 1950
260 _c1952
300 _a28 cm
500 _aSessional Paper x-1952
942 _cBK
999 _c45513
_d45513
003 LK-CoDNM
040 _aLK-CoDNM
_dLK-CoDNM
_eLK-CoDNM